Southern western ghats: A biodiversity conservation plan (Record no. 40734)

MARC details
000 -LEADER
fixed length control field 00420nam a2200121Ia 4500
082 ## - DEWEY DECIMAL CLASSIFICATION NUMBER
Classification number 574.2(1-14)
Item number SAT
100 ## - MAIN ENTRY--AUTHOR NAME
Personal name Sathis Chandran Nair
245 #0 - TITLE STATEMENT
Title Southern western ghats: A biodiversity conservation plan
260 ## - PUBLICATION, DISTRIBUTION, ETC. (IMPRINT)
Place of publication New Delhi
Name of publisher Indian National Trust for Art and Cultural heritage
Year of publication 1991
490 ## - SERIES STATEMENT
Series statement Studies in ecology and sustainable development 4
942 ## - ADDED ENTRY ELEMENTS (KOHA)
Koha item type Books
Holdings
Withdrawn status Lost status Damaged status Not for loan Home library Current library Date acquired Cost, normal purchase price Full call number Accession Number Koha item type
        RRII Library RRII Library 16/12/2021 85.00 574.2(1-14) SAT 21031 Books